The Fourier Integral and Certain of its Applications (Record no. 530928)

000 -LEADER
fixed length control field 00343nam a2200121Ia 4500
008 - FIXED-LENGTH DATA ELEMENTS--GENERAL INFORMATION
fixed length control field 191014s9999 xx 000 0 und d
082 ## - DEWEY DECIMAL CLASSIFICATION NUMBER
Classification number 517.355
Author Mark WIN
100 ## - MAIN ENTRY--PERSONAL NAME
Personal name Norbert Wiener
9 (RLIN) 1409
245 #4 - TITLE STATEMENT
Title The Fourier Integral and Certain of its Applications
260 ## - PUBLICATION, DISTRIBUTION, ETC.
Place of publication, distribution, etc. USA
Name of publisher, distributor, etc. Cambridge University Press
Date of publication, distribution, etc. 1933
300 ## - PHYSICAL DESCRIPTION
Extent Xi,201
942 ## - ADDED ENTRY ELEMENTS (KOHA)
Koha item type Book
Holdings
Withdrawn status Lost status Damaged status Not for loan Permanent Location Current Location Date acquired Source of acquisition Cost, normal purchase price Total Checkouts Full call number Barcode Date last seen Price effective from Koha item type
        School of Natural Sciences (SNS) School of Natural Sciences (SNS) 10/15/2019 Donation 0.00   517.355WIN SNS0002705 10/15/2019 10/15/2019 Book
© 2023 Central Library, National University of Sciences and Technology. All Rights Reserved.